Tectonic Plates - Statistics

General Stats
  • This quiz has been taken 23 times
  • The average score is 12 of 23
Answer Stats
Answer % Correct
North American
83%
Pacific
83%
Australian
78%
Eurasian
78%
Indian
78%
South American
78%
Juan de Fuca
72%
African
67%
Nazca
67%
Antarctic
61%
Caribbean
61%
Cocos
61%
Arabian
56%
Scotia
50%
Somali
50%
Philippine
44%
Yangtze
28%
Burma
22%
Okhotsk
22%
Amurian
11%
Caroline
11%
Sunda
11%
New Hebrides
6%
No matching quizzes found
Score Distribution
Percent of People with Each Score
Percentile by Number Answered
Your Score History
You have not taken this quiz